Living in a secular democracy : (Record no. 55450)
[ view plain ]
| 000 -LEADER | |
|---|---|
| fixed length control field | 00852nam a22002297a 4500 |
| 005 - DATE AND TIME OF LATEST TRANSACTION | |
| control field | 20230705155039.0 |
| 008 - FIXED-LENGTH DATA ELEMENTS--GENERAL INFORMATION | |
| fixed length control field | 110816t xxu||||| |||| 00| 0 eng d |
| 010 ## - LCCN (DPL NO) | |
| LC control number | ENG-103495 ENG-137285 |
| 020 ## - INTERNATIONAL STANDARD BOOK NUMBER | |
| Terms of availability | 80.00 |
| International Standard Book Number | 9789380253503 |
| 035 ## - SYSTEM CONTROL NUMBER | |
| System control number | EN-87028 EN-120818 |
| 037 ## - SOURCE OF ACQUISITION | |
| Source of stock number/acquisition | DBAD/PUB |
| 040 ## - CATALOGING SOURCE | |
| Original cataloging agency | DPL |
| Language of cataloging | Eng |
| 082 ## - DEWEY DECIMAL CLASSIFICATION NUMBER | |
| Classification number | 320.550954 |
| 100 ## - MAIN ENTRY--PERSONAL NAME | |
| 9 (RLIN) | 32849 |
| Personal name | Amaladoss,Michael , SJ |
| 245 ## - TITLE STATEMENT | |
| Title | Living in a secular democracy : |
| Statement of responsibility, etc | by HMichael Amaladoss,SJ ; edited by Joe Antony, SJ |
| Remainder of title | conflict and community among religions / |
| 260 ## - PUBLICATION, DISTRIBUTION, ETC. (IMPRINT) | |
| Place of publication, distribution, etc | Tamilnadu |
| Name of publisher, distributor, etc | Vaigarai Publishing House |
| Date of publication, distribution, etc | 2010 |
| 270 ## - ADDRESS | |
| Address | Main Road,Opp.St.Mary's H.S.School,Dindigul |
| City | Tamilnadu |
| Postal code | 624001 |
| Telephone number | 0451-2430464 |
| 300 ## - PHYSICAL DESCRIPTION | |
| Extent | 174p. |
| Dimensions | 22cm (pbk) |
| 500 ## - GENERAL NOTE | |
| General note | Includes bibliographical references |
| 700 ## - ADDED ENTRY--PERSONAL NAME | |
| 9 (RLIN) | 32850 |
| Personal name | Antony,Joe, SJ |
| 942 ## - ADDED ENTRY ELEMENTS (KOHA) | |
| Source of classification or shelving scheme | Dewey Decimal Classification |
| Item type | English Books |
| Call number suffix | AMA |
| Classification part | 320.550954 |
| Withdrawn status | Lost status | Source of classification or shelving scheme | Damaged status | Not for loan | Collection code | Home library | Current library | Date acquired | Source of acquisition | Cost, normal purchase price | Total Checkouts | Full call number | Barcode | Date last seen | Copy number | Cost, replacement price | Koha item type |
|---|---|---|---|---|---|---|---|---|---|---|---|---|---|---|---|---|---|
| Dewey Decimal Classification | Not For Loan | Non-fiction | D.B.Act.Division | D.B.Act.Division | 16/08/2011 | DBAD / PUB | 80.00 | 320.550954AMA | EN-87028 | 16/08/2011 | 1 | 80.00 | English Books | ||||
| Dewey Decimal Classification | Non-fiction | D.B.Act.Division | D.B.Act.Division | 31/07/2023 | DBAB/PUB | 80.00 | 320.550954 AMA | EN-120818 | 31/07/2023 | 1 | 80.00 | English Books |
